An outline of american history/ (Record no. 7140)

MARC details
000 -LEADER
fixed length control field 00497nam a22001697a 4500
003 - CONTROL NUMBER IDENTIFIER
control field OSt
005 - DATE AND TIME OF LATEST TRANSACTION
control field 20251216084627.0
008 - FIXED-LENGTH DATA ELEMENTS--GENERAL INFORMATION
fixed length control field 251216b |||||||| |||| 00| 0 eng d
040 ## - CATALOGING SOURCE
Original cataloging agency DWCL-Main lib.
Transcribing agency OC
082 ## - DEWEY DECIMAL CLASSIFICATION NUMBER
Classification number Circ. 973 Ow8 1994
100 ## - MAIN ENTRY--PERSONAL NAME
Personal name Cincotta, Howard
245 ## - TITLE STATEMENT
Title An outline of american history/
Statement of responsibility, etc. Howard Cincotta
260 ## - PUBLICATION, DISTRIBUTION, ETC.
Place of publication, distribution, etc. United States
Name of publisher, distributor, etc. Dept. of State ;
Date of publication, distribution, etc. c. 1994.
300 ## - PHYSICAL DESCRIPTION
Extent 406 p. ;
Dimensions 21 cm.
504 ## - BIBLIOGRAPHY, ETC. NOTE
Bibliography, etc. note include reading list
942 ## - ADDED ENTRY ELEMENTS (KOHA)
Source of classification or shelving scheme Dewey Decimal Classification
Koha item type Book Circulation
Classification part Circ.
Suppress in OPAC No
952 ## - LOCATION AND ITEM INFORMATION (KOHA)
--
Holdings
Withdrawn status Lost status Source of classification or shelving scheme Damaged status Not for loan Home library Current library Shelving location Date acquired Cost, normal purchase price Total Checkouts Full call number Barcode Date last seen Copy number Price effective from Koha item type Uniform Resource Identifier
    Dewey Decimal Classification     College Library College Library Circulation 12/16/2025 0.00   Circ. 973 Ow8 1994 CL37170 12/16/2025 c1 12/16/2025 BK-CIRC